书目信息 |
| 题名: |
马克思的思想起源
|
|
| 作者: | 科尔纽 著 ;王谨 译 | |
| 分册: | ||
| 出版信息: | 北京 中国人民大学出版社 1987 |
|
| 页数: | 102页 | |
| 开本: | 20cm | |
| 丛书名: | ||
| 单 册: | ||
| 中图分类: | A715 | |
| 科图分类: | ||
| 主题词: | 马克思--评价 , 马克思--研究 | |
| 电子资源: | ||
| ISBN: | 7-300-00011-8 | |
| 000 | 00734nam0 2200253 45 | |
| 001 | 0187000195 | |
| 005 | 20050517155156.2 | |
| 010 | @a7-300-00011-8@dCNY0.85 | |
| 091 | @a3011.195 | |
| 100 | @a19951101d1987 kemy0chiy0121 ea | |
| 101 | 1 | @achi@cfre |
| 102 | @aCN@b110000 | |
| 105 | @ay z 000yy | |
| 200 | 10 | @a马克思的思想起源@Ama ke si de si xiang qi yuan@f(法)奥古斯特·科尔纽著@F(Fa)Ao Gu Si Te·Ke Er Niu Zhu@g王谨译 |
| 210 | @a北京@c中国人民大学出版社@d1987 | |
| 215 | @a102页@d20cm | |
| 606 | 0 | @a马克思@x评价 |
| 606 | @a马克思@x研究 | |
| 690 | @aA715@v3 | |
| 701 | 0 | @a科尔纽@4著 |
| 702 | 0 | @a王谨@Awang jin@4译 |
| 801 | 0 | @aCN@b深圳图书馆@c20040422 |
| 801 | 2 | @aCN@bNLC@c20040422 |
| 905 | @dA715@e57@f1@b217793 | |
| 马克思的思想起源/(法)奥古斯特·科尔纽著/王谨译.-北京:中国人民大学出版社,1987 |
| 102页;20cm |
| ISBN 7-300-00011-8:CNY0.85 |
| ● |
| 相关链接 |
|
|
|
|
正题名:马克思的思想起源
索取号:A715/57
 
预约/预借
| 序号 | 登录号 | 条形码 | 馆藏地/架位号 | 状态 | 备注 |
| 1 | 0217791 | 000955050 | 第一借阅区/ [索取号:A715/57] | 在馆 | |
| 2 | 0217792 | 000954970 | 第一借阅区/ [索取号:A715/57] | 在馆 | |
| 3 | 0217793 | 000955014 | 第一样本阅览室/ [索取号:A715/57] | 在馆 |